000 01239nam a2200397 a 4500
001 ELB74647
003 FlNmELB
006 m o d |
007 cr cn|||||||||
008 201003r2004 mx |||||s|||||||||||spa d
020 _z9789703601260
035 _a(MiAaPQ)EBC3187653
035 _a(Au-PeEL)EBL3187653
035 _a(CaPaEBR)ebr10366041
035 _a(OCoLC)929290537
040 _aFlNmELB
_bspa
_cFlNmELB
050 4 _aQD8.5
_bM539 2004
080 _a82-1
082 0 4 _a808.06654
_222
100 1 _aMendoza Cruz, María.
245 1 0 _aPoesía química
_h[recurso electronico] /
_cMaría Mendoza Cruz.
250 _a1a. ed., 1a. reimp.
260 _aMéxico :
_bInstituto Politécnico Nacional,
_c2004.
300 _a31 p.
533 _aRecurso electrónico. Santa Fe, Arg.: e-libro, 2015. Disponible vía World Wide Web. El acceso puede estar limitado para las bibliotecas afiliadas a e-libro.
650 4 _aLiteratura.
650 4 _aPoesía.
650 4 _aQuímica.
650 4 _aLiterature.
650 4 _aChemical literature.
653 _aPoesia
653 _aQuimica
655 4 _aLibros electrónicos.
710 2 _ae-libro, Corp.
856 4 0 _uhttps://elibro.net/ereader/usam/74647
999 _c146778
_d146778